Datum a čas kvízu
44
Celkem bodů
Celkový počet nahraných bodů na tomto kvízu bez doplňovacích otázek.
1.
Pořadí na kvízu
Konečné umístění týmu na tomto kvízu.
Zaznamenané odpovědi
| # | Otázka | Odpověď | Body | Výsledky |
|---|---|---|---|---|
| 1. | Minulý týden jsme se dozvěděli... | Královská opera | 0 | |
| 2. | Jistá evropská metropole se ro... | Berlín | 1 | |
| 3. | Hejtman Libereckého kraje Mart... | Jan Schmid | 1 | |
| 4. | Jeden z nejznámějších snímků d... | D) Sloupy stvoření | 1 | |
| 5. | Jak se jmenuje letošní nositel... | Karim Benzema, Real Madrid | 1 | |
| 6. | Ve výběru tohoto tématu na vás... | FK Teplice | 1 | |
| 7. | Snímek Padesát odstínů šedi vz... | Stmívání (Twilight) | 1 | |
| 8. | Bílá nemoc je české protiváleč... | Galén, Hugo Haas | 1 | |
| 9. | Napište název snímku režiséra... | Rudá volavka (Red Sparrow) | 1 | |
| 10. | Černá kočka, bílý kocour je bl... | Emir Kusturica | 1 |